Unmanned aircraft systems : (Record no. 594130)
[ view plain ]
| 000 -LEADER | |
|---|---|
| fixed length control field | 01461cam a22003977a 4500 |
| 001 - CONTROL NUMBER | |
| control field | 15521923 |
| 005 - DATE AND TIME OF LATEST TRANSACTION | |
| control field | 20230322162254.0 |
| 008 - FIXED-LENGTH DATA ELEMENTS--GENERAL INFORMATION | |
| fixed length control field | 081114s2008 ne a b 100 0 eng |
| 010 ## - LIBRARY OF CONGRESS CONTROL NUMBER | |
| LC control number | 2008941675 |
| 015 ## - NATIONAL BIBLIOGRAPHY NUMBER | |
| National bibliography number | GBA8A7675 |
| Source | bnb |
| 016 7# - NATIONAL BIBLIOGRAPHIC AGENCY CONTROL NUMBER | |
| Record control number | 014749608 |
| Source | Uk |
| 020 ## - INTERNATIONAL STANDARD BOOK NUMBER | |
| International Standard Book Number | 9781402091360 (hbk.) |
| 020 ## - INTERNATIONAL STANDARD BOOK NUMBER | |
| International Standard Book Number | 1402091362 (hbk.) |
| 020 ## - INTERNATIONAL STANDARD BOOK NUMBER | |
| International Standard Book Number | 1402091370 (ebk.) |
| 020 ## - INTERNATIONAL STANDARD BOOK NUMBER | |
| International Standard Book Number | 9781402091377 (ebk.) |
| 035 ## - SYSTEM CONTROL NUMBER | |
| System control number | (OCoLC)ocn248986213 |
| 040 ## - CATALOGING SOURCE | |
| Original cataloging agency | UKM |
| Transcribing agency | UKM |
| Modifying agency | YDXCP |
| -- | BWX |
| -- | CDX |
| -- | BTCTA |
| -- | DLC |
| 042 ## - AUTHENTICATION CODE | |
| Authentication code | ukblsr |
| -- | lccopycat |
| 050 00 - LIBRARY OF CONGRESS CALL NUMBER | |
| Classification number | UG1242.D7 |
| Item number | I68 2008 |
| 082 04 - DEWEY DECIMAL CLASSIFICATION NUMBER | |
| Classification number | 623.746 |
| Edition number | 22 |
| Author Mark | VAL |
| 111 2# - MAIN ENTRY--MEETING NAME | |
| Meeting name or jurisdiction name as entry element | International Symposium on Unmanned Aerial Vehicles |
| Date of meeting | (2008 : |
| Location of meeting | Orlando, Fla.) |
| 9 (RLIN) | 111150 |
| 245 10 - TITLE STATEMENT | |
| Title | Unmanned aircraft systems : |
| Remainder of title | International Symposium on Unmanned Aerial Vehicles, UAV'08 / |
| Statement of responsibility, etc. | edited by Kimon P. Valavanis, Paul Y. Oh, Les A. Piegl. |
| 260 ## - PUBLICATION, DISTRIBUTION, ETC. | |
| Place of publication, distribution, etc. | Dordrecht ; |
| -- | London : |
| Name of publisher, distributor, etc. | Springer, |
| Date of publication, distribution, etc. | 2008. |
| 300 ## - PHYSICAL DESCRIPTION | |
| Extent | 532 p. : |
| Other physical details | ill. (some col.) ; |
| Dimensions | 24 cm. |
| 504 ## - BIBLIOGRAPHY, ETC. NOTE | |
| Bibliography, etc. note | Includes bibliographical references. |
| 650 #0 - SUBJECT ADDED ENTRY--TOPICAL TERM | |
| Topical term or geographic name entry element | Drone aircraft |
| Form subdivision | Congresses. |
| 9 (RLIN) | 111151 |
| 650 #0 - SUBJECT ADDED ENTRY--TOPICAL TERM | |
| Topical term or geographic name entry element | Vehicles, Remotely piloted |
| Form subdivision | Congresses. |
| 9 (RLIN) | 111152 |
| 653 1# - INDEX TERM--UNCONTROLLED | |
| Uncontrolled term | Unmanned aircraft systems |
| 653 1# - INDEX TERM--UNCONTROLLED | |
| Uncontrolled term | UAV |
| 700 1# - ADDED ENTRY--PERSONAL NAME | |
| Personal name | Valavanis, K. |
| Fuller form of name | (Kimon) |
| 9 (RLIN) | 111153 |
| 700 1# - ADDED ENTRY--PERSONAL NAME | |
| Personal name | Oh, Paul Y. |
| 9 (RLIN) | 111154 |
| 700 1# - ADDED ENTRY--PERSONAL NAME | |
| Personal name | Piegl, Les A. |
| 9 (RLIN) | 111155 |
| 906 ## - LOCAL DATA ELEMENT F, LDF (RLIN) | |
| a | 7 |
| b | cbc |
| c | copycat |
| d | 2 |
| e | ncip |
| f | 20 |
| g | y-gencatlg |
| 942 ## - ADDED ENTRY ELEMENTS (KOHA) | |
| Source of classification or shelving scheme | |
| Koha item type | Book |
| Withdrawn status | Lost status | Source of classification or shelving scheme | Damaged status | Not for loan | Permanent Location | Current Location | Shelving location | Date acquired | Full call number | Barcode | Date last seen | Price effective from | Koha item type |
|---|---|---|---|---|---|---|---|---|---|---|---|---|---|
| School of Mechanical & Manufacturing Engineering (SMME) | School of Mechanical & Manufacturing Engineering (SMME) | Aerospace Engineering | 03/22/2023 | 623.746 VAL | SMME-4137 | 03/22/2023 | 03/22/2023 | Book |
